| 000 | 00556nam a2200217Ia 4500 | ||
|---|---|---|---|
| 003 | OSt | ||
| 005 | 20220928142641.0 | ||
| 006 | a|||||r|||| 00| 0 | ||
| 007 | ta | ||
| 008 | 220927b |||||||| |||| 00| 0 eng d | ||
| 024 | _a19976 | ||
| 037 | _cTextual | ||
| 040 |
_aSDCL _cSDCL _beng |
||
| 041 |
_2eng _aeng |
||
| 082 | _aW65, N6 | ||
| 100 | _aMalgavkar P D | ||
| 245 | 0 |
_aQuality of life and governane _b Trends,options and institutions |
|
| 260 | _c1996 | ||
| 942 |
_hW65, N6 _cTEXL _2CC |
||
| 999 |
_c822119 _d822119 |
||